[Event "Barcelona Tres Peons-F 46th"]
[Site "Barcelona"]
[Date "2017.04.21"]
[Round "1.4"]
[White "Zamora Leon, Eduard"]
[Black "Quintanilla Paz Soldan, Mario"]
[Result "0-1"]
[WhiteElo "1476"]
[BlackElo "1478"]
[PlyCount "90"]
[EventDate "2017.04.21"]
[EventType "swiss"]
[EventRounds "9"]
[EventCountry "ESP"]
[SourceTitle "EXT 2024"]
[Source "ChessBase"]
[SourceDate "2023.10.10"]
[SourceVersion "1"]
[SourceVersionDate "2023.10.10"]
[SourceQuality "1"]

1. d4 Nf6 2. Nf3 e6 3. Bf4 Nc6 4. e3 d5 5. Bd3 b6 6. Nbd2 Bb4 7. c3 Bd6 8. Ne5 Ne7 9. Qc2 h6 10. h3 Bxe5 11. Bxe5 Nc6 12. Bb5 Bd7 13. Bh2 a6 14. Bd3 Bc8 15. 0-0 Bb7 16. Rfe1 0-0 17. e4 Ne7 18. e5 Nd7 19. Bf4 Ng6 20. Bg3 Rc8 21. Bxg6 fxg6 22. Qxg6 Qe8 23. Qg4 h5 24. Qe2 c5 25. Nf3 Qg6 26. Nh4 Qe8 27. Qc2 cxd4 28. Qg6 dxc3 29. Qxe8 Rfxe8 30. bxc3 Rxc3 31. Rac1 Rec8 32. Rb1 Rc2 33. Ng6 Kf7 34. Nf4 g6 35. a4 Ra2 36. Rec1 Rcc2 37. Nd3 a5 38. Rxc2 Rxc2 39. Bf4 d4 40. Rc1 Rxc1+ 41. Bxc1 Nc5 42. Nb2 Bd5 43. f4 Bb3 44. Nc4 Bxc4 45. Kf2 Nd3+ 0-1